Statistics for Denver Nuggets NBA Awards Winners

Click here to take the quiz!

General Stats

  • This quiz has been taken 53 times
  • The average score is 2 of 5

Answer Stats

Player% Correct
Dikembe Mutombo
93%
Marcus Camby
78%
George Karl
47%
Doug Moe
22%
Chris Jackson
7%

Score Distribution

Percentile by Number Answered

Percent of People with Each Score

Your Score History

You have not taken this quiz